| 000 | 00676nam a2200133Ia 4500 | ||
|---|---|---|---|
| 008 | 160809s9999 xx 000 0 und d | ||
| 100 | _aFichten, Catherine S. | ||
| 245 | _aHOW WELL DO THEY READ? BRIEF ENGLISH AND FRENCH SCREENING TOOLS FOR COLLEGE STUDENTS | ||
| 245 | _cCatherine S. Fichten Mai N. Nguyen Laura King Alice Havel Zohra Mimouni Maria Barile Jillian Budd Shirley Jorgensen Alexandre Chauvin Jennifer Gutberg Adaptech Research Network, Dawson Colle. | ||
| 260 | _bInternational Journal of Special Education | ||
| 260 | _c2014 | ||
| 650 | _xSPECIAL EDUCATION | ||
| 856 | _uhttp://www.internationaljournalofspecialed.com/issues/IJSE%20ENTIRE%20ISSUE%2029%201.pdf | ||
| 999 |
_c300312 _d300312 |
||